000 01576nam0a2200337 4500
001 RU\NLR\BIBL_A\011935028
005 20190322152444.0
010 _a978-5-9500629-1-9
_91000
021 _aRU
_bКН-П-18-104090
_9КН-П-18-7544
035 _a(NLR Aleph) 011935028
035 _a(RuMoRGB)009859357
090 _a11059773
_c11059773
100 _a20190212d2018 u y0rusy50 ca
101 0 _arus
102 _aRU
105 _aac||z|||000zy
200 1 _aПовесть об олимпийском характере
_fЕвгений Богатырев
210 _aМосква
_cРедакция журнала "Физкультура и спорт"
_d2018
215 _a479 с.
_cил., портр.
_d22
225 1 _aФИС
_iЗолотая библиотека спорта
600 1 _aБогатырев
_bЕ. Г.
_gЕвгений Григорьевич
_jВоспоминания, записки и т.п.
_92403374
_3RU\NLR\AUTH\6601652066
606 1 _aСпортсмены-олимпийцы
_jВоспоминания, записки и т.п.
_yСССР
_92401241
_3RU\NLR\AUTH\6601651071
606 1 _aСпортсмены-олимпийцы
_jВоспоминания, записки и т.п.
_xРоссийская Федерация
_92401250
_3RU\NLR\AUTH\6601651074
686 1 _aЧ514(2)90
686 1 _aЧ612.3(2)7-8Богатырев
700 1 _aБогатырев
_bЕ. Г.
_gЕвгений Григорьевич
942 _cBOOK
980 _aNBR
980 _aNB